Pokemon Name Meaning (Johto) - Statistics

General Stats
  • This quiz has been taken 9 times
  • The average score is 14 of 38
Answer Stats
Meanings Pokemon % Correct
Not fast + Royalty Slowking
83%
Intersecting lines + Cave-dwelling flying mammal Crobat
67%
Energy from electric currents + A child Elekid
67%
Long-necked African mammal + [Palindrome] Girafarig
67%
White liquid from cows + Large storage unit or heavily armored vehicle Miltank
67%
Active at night + A species of bird Noctowl
67%
Flowing plant + Spanish suffix meaning "small" Chikorita
50%
Species of reptile + To chew on Croconaw
50%
Defense structure + Castle/fortress tower, often holding weapons Forretress
50%
The girl in "Mary had a Little Lamb" + A species of mammal Mareep
50%
Tadpole + A species of amphibian Politoed
50%
A many sided figure + the second iteration Porygon2
50%
Fish that affixes itself to other marine creatures + Sudden attack Remoraid
50%
The air, where birds fly + Storage unit for weapons Skarmory
50%
Smudge + A breed of dog Smeargle
50%
A male deer + a deer's horns Stantler
50%
Prefix meaning "false" + Matter that trees are made of Sudowoodo
50%
Stuffed toy + Latin for "bear" Teddiursa
50%
Large, impressive + Gruff breed of dog Granbull
33%
To hunt or pursue like a dog + Averse fate Houndoom
33%
Royalty + Mythical fire-breathing creature Kingdra
33%
Marine creature with eight tentacles + Weapons Octillery
33%
Covered with hair + Of or relating to pigs Piloswine
33%
Swamp, quicksand + Master, lord Quagsire
33%
Walking with steps and hops + Blossoming Skiploom
33%
Tropical cyclone + Eruption, blast Typhlosion
33%
Darkest part of a shadow + long period of time (implying evolution) Umbreon
33%
Hard skeleton secreted by certain marine creatures + Of or relating to the sun Corsola
17%
Japanese for "blazing heat" + Japanese for "emperor" Entei
17%
Hard shell of nuts or oysters + Water-based reptile Shuckle
17%
Crafty, deceitful + Small mammal with a long body Sneasel
17%
A metal alloy + A type of rock Steelix
17%
Heavenly + One's extistence Celebi
0%
Yellow + Rare Dunsparce
0%
Marine creature + Sharp point or fork Mantine
0%
Of or relating to the sea + Brook, small river Marill
0%
Beginner, novice + A mischievous person Tyrogue
0%
Rocking motion + Strike rapidly Wobbuffet
0%
No matching quizzes found
Score Distribution
Percent of People with Each Score
Percentile by Number Answered
Your Score History
You have not taken this quiz